La tía Tula / (Registro nro. 13180)

Detalles MARC
000 -LEADER
fixed length control field 00687nam a22002177a 4500
003 - CONTROL NUMBER IDENTIFIER
control field DO-SdBNP
005 - DATE AND TIME OF LATEST TRANSACTION
control field 20171128150157.0
008 - FIXED-LENGTH DATA ELEMENTS--GENERAL INFORMATION
fixed length control field 171128b 1969 sp ||||| |||| 00| 0 spa d
040 ## - CATALOGING SOURCE
Original cataloging agency BPMSU
Language of cataloging spa
Transcribing agency BPMSU
092 ## - LOCALLY ASSIGNED DEWEY CALL NUMBER (OCLC)
Classification number xxxx
Item number xxxx
100 1# - MAIN ENTRY--PERSONAL NAME
Personal name Unamuno, Miguel de,
Dates associated with a name 1864-1936.
245 10 - TITLE STATEMENT
Title La tía Tula /
Statement of responsibility, etc. Miguel de Unamuno ; prólogo de Julián Marías.
260 ## - PUBLICATION, DISTRIBUTION, ETC. (IMPRINT)
Place of publication, distribution, etc. Barcelona :
Name of publisher, distributor, etc. Salvat,
Date of publication, distribution, etc. 1969.
300 ## - PHYSICAL DESCRIPTION
Extent 185 p. ;
Dimensions 19 cm.
490 1# - SERIES STATEMENT
Series statement Biblioteca básica salvat. Libro RTV
Volume/sequential designation 1
700 12 - ADDED ENTRY--PERSONAL NAME
Personal name Marías, Julián,
Relator term pról.
830 #0 - SERIES ADDED ENTRY--UNIFORM TITLE
Uniform title Biblioteca básica salvat. Libro RTV
Volume number/sequential designation 1
910 ## - USER-OPTION DATA (OCLC)
User-option data Inventariado 2017
942 ## - ADDED ENTRY ELEMENTS (KOHA)
Source of classification or shelving scheme Dewey Decimal Classification
Koha item type Libros
956 ## - LOCAL ELECTRONIC LOCATION AND ACCESS (OCLC)
Host name LOPEREZ
Access number 10
Compression information 20171128
Path 0041
Existencias
Withdrawn status Lost status Source of classification or shelving scheme Damaged status Not for loan Collection code Home library Current library Date acquired Source of acquisition Total Checkouts Barcode Date last seen Price effective from Koha item type
    Dewey Decimal Classification     Colección General Biblioteca Pública Metropolitana Salomé Ureña Biblioteca Pública Metropolitana Salomé Ureña 11/28/2017 Donación   BPMSU17110508 11/28/2017 11/28/2017 Libros